01873agaaa2200313 45000010005000000030009000050050017000140070009000310080040000400400023000800410013001031000062001161300021001782400028001992450191002272460021004182500022004392600100004613000032005615080164005935110034007575200473007915380016012645460013012806500056012937000074013497000076014237000060014998291IT-RoPAU20220918181236.0d cvaizq50131s9999||||xx ||| | || ||und|| aIT-RoPAUcIT-RoPAU aITALIANO aEjzenstejn Sergej MichailovicgCodice regista SPICS: 6988 aQUE VIVA MEXICO! aQUE VIVA MEXICO!gT0207 aQUE VIVA MEXICO!cSceneggiatura: Ejzenstejn Sergej Tisse' Edouard Alexandrov Grigori -- Diretto da: Ejzenstejn Sergej MichailovicpQUE VIVA MEXICO! (Rif. Codice opera principale : 48291) aQUE VIVA MEXICO! aEdizione Standard a(URSS)bMOSFILM / Distribuzione: GENERAL VIDEOg"1932 (1° ed.: 1986 ; Ed. Lingua Orig.: 1932)" aVHSbsonoro, b&wc85 minuti a"Fotografia: Tisse' Edouard; Montaggio: Alexandrov G. Tobak ; Musica: Khatchaturian Aram; Sceneggiatura: Ejzenstejn Sergej Tisse' Edouard Alexandrov Grigori; " a"Attori; Non; Professionisti" aLA SCENEGGIATURA PREVEDEVA UN PROLOGO UN EPILOGO E QUATTRO EPISODI IL FILMAVREBBE DOVUTO RACCONTARE LA STORIA DEL MESSICO DALLA DITTATURA DI PORFIRIO DIAZ DEL 1900 FINO ALLE RIVOLUZIONI DEL '10-'16 MA RIMASE INCOMPIUTO ANCHE SE DUE ANNI DOPO LA MORTE DEL MATERIALE VENNE MONTATO CON IL TITOLO DI LAMPI SUL MESSICO NEL 1955 L'AMERICANO JAY LEYDA RECUPERO' PARTE DEL NEGATIVOE MONTO' CIRCA QUATTRO ORE DI PELLICOLA CHE INTITOLO' STUDI PER IL FILM MESSICANO DI EISENSTEIN aPAL, STEREO aITALIANO aDRAMMATICOeFILMS [VHS]xCodice MATERIA SPICS: 9960 aEjzenstejn Sergej Michailovic e(regista)gCodice regista SPICS: 6988 aEjzenstejn Sergej Michailovic e(soggetto)gCodice Soggetto SPICS: 6988 aKhatchaturian Arame(musica)gCodice Musica SPICS: 5094